El mundo subterráneo (Registro nro. 309873)

Detalles MARC
000 -ENCABEZADO
Número de control [NR] 01631nam a22002777a 4500
005 - FECHA Y HORA DE LA ÚLTIMA TRANSACCIÓN
control field 20180511152520.0
008 - DE LONGITUD FIJA DE DATOS DE ELEMENTOS - INFORMACIÓN GENERAL
Elementos de longitud fija [NR] 180511n sp a|||fr|||| 001 0 spa d
040 ## - FUENTE DE CATALOGACION [NR]
Quien Cataloga Sandra Yazo
Quien Clasifica Sandra Yazo
041 1# - CODIGO DE IDIOMA [R]
Código de idioma para texto/pista de sonido o título separado [R] Español
082 04 - NUMERO DE CLASIFICACION DECIMAL DEWEY [R]
Número de la edición [NR] 20
Número de clasificación [R] 623.45115
092 ## - SIGNATURA TOPOGRAFICA LOCAL
Número de clasificación local E46N008
100 1# - ASIENTO PRINCIPAL--NOMBRE PERSONAL [NR]
Nombre personal [NR] Simonin, Louis-Laurent
Fechas asociadas con el nombre [NR] 1830-1886
ID Autoridad 92429
245 13 - MENCION DE TITULO [NR]
Título [NR] El mundo subterráneo
Mención de responsabilidad, etc. [NR] según L. Simonin ; Traducción del francés con datos y noticias de España por Florencio Janer
260 ## - PUBLICACION, DISTRIBUCION, ETC. (PIE DE IMPRENTA) [R]
Lugar de publicación, distribución, etc. [R] Madrid (España)
Nombre del editor, distribuidor, etc. [R] Imprenta de Gaspar y Roig.
Fecha de publicación, distribución, etc. [R] [fecha desconocida]
300 ## - DESCRIPCION FISICA [R]
Extensión [R] 200 páginas
Dimensiones [R] 18 x 15 cm
Otros detalles físicos [NR] ilustraciones
490 0# - MENCION DE SERIE [R]
Mención de serie [R] Biblioteca Científica Recreativa
500 ## - NOTA GENERAL [R]
Nota general [NR] Detalles físicos: Encuadernación rígida de calidad (holandesa) en cartón duro forrado en papel jaspeado. Lomo de cuero (verde) con nervaduras sobre costuras y adornos en dorado. Guardas simulando papel de agua, la delantera rota. Hoja de cortesía. Anteportada. Portada impresa en una sola tinta. Texto impreso en una sola columna. Grabados de página entera, entre el texto. Índice. Cinta para señalar la lectura. Tapas con raspaduras
505 0# - NOTA DE CONTENIDO CON FORMATO PREESTABLECIDO [R]
Nota de contenido con formato preestablecido [NR] Visita de la casa ; El hombre antediluviano ; Los fósiles de la Concha de Aix ; La industria minera ; Las canteras de París ; Los filones metálicos ; Las sales y los gases naturales ; Las hulleras francesas ; Las minas de España
506 ## - NOTA DE RESTRICCIONES DE ACCESO [R]
Condiciones de acceso [NR] Consulta en sala
650 #7 - ASIENTO SECUNDARIO DE MATERIA - TERMINO TEMATICO [R]
9 (RLIN) 16944
Término temático o nombre geográfico como elemento de entrada [NR] Historia natural
650 #7 - ASIENTO SECUNDARIO DE MATERIA - TERMINO TEMATICO [R]
9 (RLIN) 19560
Término temático o nombre geográfico como elemento de entrada [NR] Minas
650 #7 - ASIENTO SECUNDARIO DE MATERIA - TERMINO TEMATICO [R]
9 (RLIN) 15384
Término temático o nombre geográfico como elemento de entrada [NR] Excavaciones
690 ## - ASUNTO AGREGADO LOCAL DE ENTRADA - TÉRMINO TEMÁTICO (OCLC, RLIN)
Acceso temático local Ciencias naturales
9 (RLIN) 10813
700 1# - ASIENTO SECUNDARIO - NOMBRE PERSONAL [R]
Nombre personal [NR] Janer, Florencio
Término de relación [R] traductor
9 (RLIN) 60901
942 ## - ELEMENTOS DE ENTRADA AGREGADOS (KOHA)
Sistema de clasificación LOCAL
Tipo de ítem principal el descrito en 300a Libro
Edición 1
Clasificación E46N008
Existencias
Suprimido Perdido Sistema de clasificación Dañado No prestable Tipo de ítem específico Ubicación habitual Ubicación actual Localización Fecha de creación Forma de adquisición Costo Total préstamos Signatura topográfica Código de barras Última vez visto Ejemplar Price effective from Tipo de ítem
    LOCAL     Libro archivo Archivo Histórico Archivo Histórico Archivo histórico 11/05/2018 Donación 0.00   E46N008 L006560 11/05/2018 Ej.1 11/05/2018 Libro